|
|
|
|
| LEADER |
00000naa2a2200000 4500 |
| 001 |
234265 |
| 005 |
20260129143329.0 |
| 035 |
|
|
|a (RuTPU)RU\TPU\book\255376
|
| 035 |
|
|
|a RU\TPU\book\255371
|
| 090 |
|
|
|a 234265
|
| 100 |
|
|
|a 20130321d2011 k y0rusy50 ca
|
| 101 |
0 |
|
|a rus
|
| 102 |
|
|
|a RU
|
| 135 |
|
|
|a drnn ---uucaa
|
| 181 |
|
0 |
|a i
|
| 182 |
|
0 |
|a b
|
| 200 |
1 |
|
|a Применение метода направленных графов для математического моделирования устройств противоаварийной автоматики
|f Ю. А. Бутина
|g науч. рук. А. Ф. Прутик
|
| 203 |
|
|
|a Текст
|c электронный
|
| 225 |
1 |
|
|a Электроэнергетика
|
| 300 |
|
|
|a Заглавие с титульного экрана
|
| 320 |
|
|
|a [Библиогр.: с. 28 (2 назв.)]
|
| 337 |
|
|
|a Adobe Reader
|
| 461 |
|
1 |
|0 (RuTPU)RU\TPU\book\255301
|t Современные техника и технологии
|o сборник трудов XVII международной научно-практической конференции студентов, аспирантов и молодых ученых, Томск, 18-22 апреля 2011 г
|o в 3 т.
|f Национальный исследовательский Томский политехнический университет (ТПУ)
|d 2011
|
| 463 |
|
1 |
|0 (RuTPU)RU\TPU\book\255306
|t Т. 1
|v [С. 27-28]
|d 2011
|
| 610 |
1 |
|
|a труды учёных ТПУ
|
| 610 |
1 |
|
|a электронный ресурс
|
| 610 |
1 |
|
|a направленные графы
|
| 610 |
1 |
|
|a математическое моделирование
|
| 610 |
1 |
|
|a противоаварийная автоматика
|
| 700 |
|
1 |
|a Бутина
|b Ю. А.
|
| 702 |
|
1 |
|a Прутик
|b А. Ф.
|c специалист в области электроэнергетики
|c ассистент Томского политехнического университета
|g Алексей Фёдорович
|4 727
|
| 801 |
|
2 |
|a RU
|b 63413507
|c 20160124
|g RCR
|
| 856 |
4 |
|
|u http://www.lib.tpu.ru/fulltext/c/2011/C01/V01/011.pdf
|
| 942 |
|
|
|c CF
|